000 00455nam a2200157Ia 4500
008 100204s9999 xx 000 0 und d
082 _b4626
100 _aनंदा गुलशन
245 _aचंदन
260 _b"दिलिप प्रकाशन , मुंबई"
_c1980
300 _a208
630 _aचंदन
700 _aमालपेकर स्नेहलता
730 _aचंदन
942 _cBOOK
999 _c449339
_d449336